Electronics (Registro nro. 3538)
[ vista simple ]
| 000 -CABECERA | |
|---|---|
| campo de control de longitud fija | 01276nam a22004697a 4500 |
| 005 - FECHA Y HORA DE ACTUALIZACIÓN | |
| campo de control | 20221020145659.0 |
| 008 - LONGITUD FIJA | |
| campo de control de longitud fija | 150302b xxu||||| |||| 00| 0 ES d |
| 041 ## - IDIOMA | |
| Código de idioma del texto/pista de sonido o título separado | |
| 082 ## - CLASIFICACIÓN DECIMAL DEWEY | |
| Número de clasificación | 428.3 E242el |
| 100 ## - AUTOR PERSONAL | |
| Nombre de persona | Evans, Virginia |
| 245 ## - TÍTULO PROPIAMENTE DICHO | |
| Título | Electronics |
| 260 ## - PIE DE IMPRENTA | |
| Lugar de publicación, distribución, etc. | Estados Unidos |
| 260 ## - PIE DE IMPRENTA | |
| Nombre del editor, distribuidor, etc. | Express Publishing |
| 260 ## - PIE DE IMPRENTA | |
| Fecha de publicación, distribución, etc. | 2012 |
| 505 ## - Nota de Contenido | |
| Nota de contenido | Contiene disco compacto N° 689 |
| 650 ## - Materia General | |
| Materia general | INGLÉS - ENSEÑANZA |
| 650 ## - Materia General | |
| Materia general | ELECTRÓNICA |
| 650 ## - Materia General | |
| Materia general | ELECTRONICS |
| 650 ## - Materia General | |
| Materia general | ELECTRICIDAD |
| 650 ## - Materia General | |
| Materia general | VOLTAJES |
| 650 ## - Materia General | |
| Materia general | DIAGRAMAS |
| 650 ## - Materia General | |
| Materia general | RESISTOR |
| 650 ## - Materia General | |
| Materia general | CONSUMER ELECTRONICS |
| 650 ## - Materia General | |
| Materia general | ELECTRICITY BASICS |
| 650 ## - Materia General | |
| Materia general | TOOLS |
| 650 ## - Materia General | |
| Materia general | SOLDERING TOOLS |
| 650 ## - Materia General | |
| Materia general | TESTERS AND METERS |
| 650 ## - Materia General | |
| Materia general | WORKSPACE |
| 650 ## - Materia General | |
| Materia general | ELECTRICAL SAFETY |
| 650 ## - Materia General | |
| Materia general | MATH |
| 650 ## - Materia General | |
| Materia general | MEASUREMENTS |
| 650 ## - Materia General | |
| Materia general | PREFIXES |
| 650 ## - Materia General | |
| Materia general | CIRCUITS |
| 650 ## - Materia General | |
| Materia general | SIGNALS |
| 650 ## - Materia General | |
| Materia general | CAPACITORS |
| 650 ## - Materia General | |
| Materia general | DIODES |
| 650 ## - Materia General | |
| Materia general | FUSES |
| 650 ## - Materia General | |
| Materia general | RESISTORS |
| 650 ## - Materia General | |
| Materia general | POTENTIOMETERS |
| 650 ## - Materia General | |
| Materia general | TRANSISTORS |
| 942 ## - Punto de Acceso Adicional Koha | |
| Tipo de ítem Koha | Libro |
| Estado perdido | Estado dañado | No para préstamo | Biblioteca permanente | Biblioteca actual | Signatura completa | Código de barras | Precio efectivo a partir del | Tipo de ítem | En préstamo | Nota pública |
|---|---|---|---|---|---|---|---|---|---|---|
| Departamento de Biblioteca y Documentación Alfonso Chase Brenes | Departamento de Biblioteca y Documentación Alfonso Chase Brenes | 428.3 E242el | 19538 | 02/11/2016 | Libro | |||||
| Departamento de Biblioteca y Documentación Alfonso Chase Brenes | Departamento de Biblioteca y Documentación Alfonso Chase Brenes | 428.3 E242el | 19539 | 02/11/2016 | Libro | 04/06/2026 | ||||
| Departamento de Biblioteca y Documentación Alfonso Chase Brenes | Departamento de Biblioteca y Documentación Alfonso Chase Brenes | 428.3 E242el | 19000 | 19/01/2017 | Libro | |||||
| Departamento de Biblioteca y Documentación Alfonso Chase Brenes | Departamento de Biblioteca y Documentación Alfonso Chase Brenes | 428.3 E242el | 689ADC | Disco Compacto | ||||||
| Departamento de Biblioteca y Documentación Alfonso Chase Brenes | Departamento de Biblioteca y Documentación Alfonso Chase Brenes | 428.3 E242el | 689BDC | Disco Compacto | El segundo CD está dañado | |||||
| Departamento de Biblioteca y Documentación Alfonso Chase Brenes | Departamento de Biblioteca y Documentación Alfonso Chase Brenes | 428.3 E242el | 689CDC | Disco Compacto | ||||||
| Departamento de Biblioteca y Documentación Alfonso Chase Brenes | Departamento de Biblioteca y Documentación Alfonso Chase Brenes | 428.3 E242el | 689DDC | 22/01/2019 | Disco Compacto | |||||
| Departamento de Biblioteca y Documentación Alfonso Chase Brenes | Departamento de Biblioteca y Documentación Alfonso Chase Brenes | 428.3 E242el | 689EDC | Disco Compacto | ||||||
| Departamento de Biblioteca y Documentación Alfonso Chase Brenes | Departamento de Biblioteca y Documentación Alfonso Chase Brenes | 428.3 E242el | 689FDC | 22/01/2019 | Disco Compacto | El segundo CD está dañado | ||||
| Departamento de Biblioteca y Documentación Alfonso Chase Brenes | Departamento de Biblioteca y Documentación Alfonso Chase Brenes | 428.3 E242el | 19540 | 13/05/2019 | Libro | |||||
| Departamento de Biblioteca y Documentación Alfonso Chase Brenes | Departamento de Biblioteca y Documentación Alfonso Chase Brenes | 428.3 E242el | 18999 | 13/05/2019 | Libro | |||||
| Departamento de Biblioteca y Documentación Alfonso Chase Brenes | Departamento de Biblioteca y Documentación Alfonso Chase Brenes | 428.3 E242el | 19001 | 13/05/2019 | Libro |